000
00286nam a2200121Ia 4500
008
190216s9999||||xx |||||||||||||| ||und||
100
_a
Shushil Chhangani
245
0
_a
Hindi-Kahaniyam Hithopadesha Ki
260
_b
Kalyani Pub:-
_c
2008
300
_a
80
650
_a
Hindi
942
_c
BK
999
_c
16528
_d
16528